000 00316nam a2200133Ia 4500
008 150201s2008 xx 000 0 und d
082 _a612
_bT08P
100 _aPORTER,STUART
245 _aTIDY'S PHYSIOTHERAPY
250 _a14TH
260 _bCHURCHILL
_aDELHI
_c2008
650 _aORTHOPAEDICS
942 _2ddc
_cBK
_010
999 _c1207
_d1207